banner-ar

منهج اهل البيت : (Record no. 61240)

MARC details
000 -الفاتح
حقل البيانات ثابتة الطول 01167nam a22002777a 4500
005 - وقت وتاريخ اخر تعامل مع التسجيلة
رقم الضبط 20240530110451.0
008 - عناصر البيانات ثابتة الطول - معلومات عامة
حقل البيانات ثابتة الطول 150506s2010 jo g 000 0 ara d
017 ## - رقم الايداع القانونى
رقم الايداع القانونى 2009/6/2694
المصدر ( الهيئة المختصة) الاردن . دار الكتب الاردنية
040 ## - مصدر الفهرسة
وكالة الفهرسة الأصلية EG-CaGPL
082 04 - رقم تصنيف ديوى العشرى
رقم الطبعة 21
رقم التصنيف 245\
رقم المادة أ م
100 0# - المدخل الرئيسى - إسم شخصى
الإسم الشخصى ابو الحسن محيى الدين الحسنى
245 10 - بيان العنوان
العنوان منهج اهل البيت :
بقية العنوان فى مفهوم المذاهب الاسلامية مع دراسة لبعض الكتب المذهبية وسبل التقريب /
بيان المسئوليه,etc ابو الحسن محيى الدين الحسنى
250 ## - بيان الطبعة
بيان الطبعة ط1
260 ## - PUBLICATION, DISTRIBUTION, ETC. (IMPRINT)
تاريخ النشر أو التوزيع 2010 .
300 ## - الوصف المادى
التعداد 197 ص ؛
أبعاد الوعاء 24 سم .
650 04 - المدخل الاضافى بالموضوع-مصطلح موضوعى
مصطلح موضوعي اهل البيت الرسول
التقسيم الفرعي العام الانساب
650 04 - المدخل الاضافى بالموضوع-مصطلح موضوعى
مصطلح موضوعي علم الكلام
650 04 - المدخل الاضافى بالموضوع-مصطلح موضوعى
مصطلح موضوعي اللهوت ، علم
650 04 - المدخل الاضافى بالموضوع-مصطلح موضوعى
مصطلح موضوعي السيرة النبوية
650 04 - المدخل الاضافى بالموضوع-مصطلح موضوعى
مصطلح موضوعي السنة
التقسيم الفرعي العام روايتها و اقسامها
650 04 - المدخل الاضافى بالموضوع-مصطلح موضوعى
مصطلح موضوعي السنة
التقسيم الفرعي العام حجيتها
650 04 - المدخل الاضافى بالموضوع-مصطلح موضوعى
مصطلح موضوعي عقائد السنة
650 04 - المدخل الاضافى بالموضوع-مصطلح موضوعى
مصطلح موضوعي عقائد الشيعة
942 ## - عناصر المدخل الإضافي( كوها)
مصدر التصنيف او مخطط الترفيف Dewey Decimal Classification
Koha [default] item type كتاب
260 ## - PUBLICATION, DISTRIBUTION, ETC. (IMPRINT)
-- اربد (الاردن ) :
-- دار الامل للنشر و التوزيع ،
Holdings
حالة التراجع حالة الفقد حالة تلف ليس للاعارة المكان المؤقت الموقع الحالى تاريخ الاكتساب اجمالي اﻻعارات رقم الطلب الباركود تاريخ اخر مشاهدة تاريخ تفعيل السعر نوع وعاء كوها
        مكتبة القاهرة الكبرى مكتبة القاهرة الكبرى 05/06/2015   245\ أ م 160485 05/06/2015 05/06/2015 كتاب

Powered By

EGPV